|
|
|
|
| LEADER |
00000cas a2200000 a 4500 |
| 001 |
64725 |
| 003 |
Ucuenca |
| 005 |
20230308222018.0 |
| 008 |
992062|1991 sp |||||r|||||||||||spa|| |
| 040 |
|
|
|b spa
|
| 041 |
0 |
|
|a spa
|
| 082 |
0 |
|
|a 050
|b D762c
|
| 110 |
1 |
|
|a Diputación Provincial de Cádiz
|9 185269
|
| 245 |
|
|
|a Cádiz e Iberoamérica
|c Diputación Provincial de Cádiz
|h imp
|
| 264 |
|
|
|a Cádiz
|b Diputación Provincial de Cádiz
|c 1991
|
| 300 |
|
|
|a 114 páginas:
|b ilu
|c 28 cm
|
| 362 |
|
|
|a no. 9 (1991)
|
| 650 |
|
|
|a Revista cadiz e iberoamerica
|9 177245
|
| 650 |
|
|
|a Cadiz
|9 37245
|
| 852 |
|
|
|a UC-CDJBV
|f Donación
|k npena
|l 1
|m General
|p 19920622
|r 2
|t 64725
|b 0
|d CDRC
|e CDRC
|g 050 C138i TERCER PISO (SECCION REVISTAS)
|z 1992-20-62
|
| 942 |
|
|
|c SER
|z vanessa.morales@ucuenca.edu.ec
|
| 999 |
|
|
|c 139324
|d 139324
|